| 000 | 00479 a2200169 4500 | ||
|---|---|---|---|
| 003 | OSt | ||
| 005 | 20230908130300.0 | ||
| 008 | 230908b |||||||| |||| 00| 0 eng d | ||
| 020 | _a9789354496073 | ||
| 040 | _coclc | ||
| 082 |
_a302.2 _bCHA/I |
||
| 100 |
_aChawla, Abhay _99450 |
||
| 245 |
_aINTRODUCTION TO MASS COMMUNICATION / _cAbhay Chawla. |
||
| 260 |
_aIndia: _bPearson, _c2021 |
||
| 300 | _a250 p | ||
| 942 |
_2ddc _cBK _h302.2 _iCHA/I _k302.2 _mCHA/I |
||
| 999 |
_c42157 _d42157 |
||